000 00695nam a2200241Ia 4500
005 20260430150633.0
008 008 250103s9999 xx 000 0 eng d
037 _aTheses
040 _aCRL
040 _beng
040 _ceng
041 _2eng
041 _aeng
084 _qCRL
100 _aChhokar Arun Au.; Bharti Alok Chandra Gu.
_91238068
245 0 _aDevelopment of Fluorescence In situ-Hybridisation (FISH) based Assay for Detecting Active HPV Infection and STAT3 Expression
260 _c2024
300 _a103p.
650 _aZoology
700 _aUniversity of Delhi. Faculty of Science. Deptt. of Zoology
_91237953
942 _cTH
999 _c1850270
_d1850270